banner koha

Morphology, anatomy, palynology and seed micromorphology of turkish endemic Verbascum exuberans Hub.-Mor. (Scrophulariaceae) (Registro n. 9587)

MARC details
000 -LÍDER
fixed length control field 03337nab a2200301 i 4500
003 - CÓDIGO MARC DA AGÊNCIA CATALOGADORA
Campo de controle BR-BrBNA
005 - DATA E HORA DA ÚLTIMA ATUALIZAÇÃO
Campo de controle 20230922172414.0
008 - CAMPO DE TAMANHO FIXO
fixed length control field 230710b2020 bl.ar|pooa||| 00| 0 eng |
040 ## - FONTE DA CATALOGAÇÃO
Agência catalogadora BR-BrBNA
Idioma da catalogação eng
072 ## - CATEGORIA AGRIS
Código AGRIS F50
072 ## - CATEGORIA AGRIS
Código AGRIS F03
100 ## - ENTRADA PRINCIPAL - NOME PESSOAL
Nome pessoal Aktas, K.
100 ## - ENTRADA PRINCIPAL - NOME PESSOAL
Nome pessoal Özdemir, C.
100 ## - ENTRADA PRINCIPAL - NOME PESSOAL
Nome pessoal Özdemir, B.
245 ## - TÍTULO PRINCIPAL
Título principal Morphology, anatomy, palynology and seed micromorphology of turkish endemic Verbascum exuberans Hub.-Mor. (Scrophulariaceae)
500 ## - NOTA GERAL
Nota geral Publicação on-line; 36 ref.; 3 tables; 6 illus.; Summaries (En, Pt)
942 ## - ADDED ENTRY ELEMENTS (KOHA)
Koha item type
520 ## - NOTA DE RESUMO
Nota de conteúdo <br/><br/>ABSTRACT - Verbascum L. is the largest genus of the family Scrophulariceae and<br/>includes several species are of medicinal importance. The high morphological diversity<br/>among the species of the genus Verbascum causes problems in the delimitation of<br/>the species. In this study, morphological, anatomical, palynological and seed<br/>properties of Verbascum exuberans were investigated. It is a local endemic restricted<br/>to the provinces of Manisa and Izmir in West Anatolia. In the root cross-section, the<br/>xylem elements occupy a considerable area. The upper part of the epidermis cells in<br/>the stem cross-section is covered a distinct cuticle layer. The main vein of the leaf is<br/>shapped as bicollateral bundle. Idioblasts were not observed in the epidermis of the<br/>leaves of V. exuberans. Seeds of V. exuberans are dark brown and oblong to prismatic<br/>and alveolate. Hilum is short and orbicular. The seed coat ornamentation is reticulaterugose. <br/>Pollen grains usually radially symmetrical, isopolar, prolate, tricolpate. Tectum is reticulate<br/><br/>Keywords: leaf, pollen, root, stem, mullein.<br/>
520 ## - NOTA DE RESUMO
Nota de conteúdo <br/><br/>RESUMO - Verbascum L. é o maior gênero da família Scrophulariaceae e inclui<br/>várias espécies de importância medicinal. A alta diversidade morfológica entre as<br/>espécies do gênero Verbascum causa problemas na delimitação das espécies. Neste<br/>estudo, as propriedades morfológicas, anatômicas, palinológicas e de sementes de<br/>Verbascum exuberans foram investigadas. É uma planta endêmica local restrita<br/>às províncias de Manisa e Izmir, na Anatólia Ocidental. Na seção transversal da<br/>raiz, os elementos do xilema ocupam uma área considerável. A parte superior das<br/>células da epiderme na seção transversal da haste é coberta por uma camada de<br/>cutícula distinta. A veia principal da folha é moldada como feixe bicolateral.<br/>Idioblastos não foram observados na epiderme das folhas de V. exuberans. Sementes<br/>de V. exuberans são marrom-escuras e oblongas a prismáticas e alveoladas. O hilo<br/>é curto e orbicular. A ornamentação do revestimento da semente é reticuladorugosa. <br/>Grãos de pólen geralmente radialmente simétricos, isopolares, prolatos,<br/>tricolpados. Tectum é padrão reticular.<br/><br/>Palavras-chave: folha, pólen, raiz, haste, verbasco.
650 ## - ASSUNTO - THESAGRO
Cabeçalho tópico ou nome geográfico FOLHA
650 ## - ASSUNTO - THESAGRO
Cabeçalho tópico ou nome geográfico PÓLEN
650 ## - ASSUNTO - THESAGRO
Cabeçalho tópico ou nome geográfico RAÍZ
650 ## - ASSUNTO - THESAGRO
Cabeçalho tópico ou nome geográfico CAULE
650 ## - ASSUNTO - THESAGRO
Cabeçalho tópico ou nome geográfico VERBASCO
773 0# - ENTRADA ANALÍTICA
Host Biblionumber 886
Registro do item 1817
Imprenta Londrina-PR : Sociedade Brasileira da Ciência das Plantas Daninhas, 1978
Outro identificador 2023-031024
Título Planta Daninha (Brazil)
ISSN 0100-8358; 1806-9681 (on-line)
Colação v. 38 p. 1-10; (2020)
Número de controle de registro BR2023000778
856 ## - ACESSO E ENDEREÇO ELETRÔNICO
Identificador uniforme de recurso - URI https://www.scielo.br/j/pd/a/dJvNtjdnvfGkPWcRcGVhcdt/?format=pdf&lang=en

Nenhum exemplar disponível.

BINAGRI

Telefone: (61)3218-2567/2388/3357/2097 - binagri@agro.gov.br

Ministério da Agricultura e Pecuária , Esplanada dos Ministérios, Bloco D, Anexo B, Brasília/DF, CEP: 70.043-900